| 000 | 00421nam a2200169Ia 4500 | ||
|---|---|---|---|
| 008 | 221030s9999 xx 000 0 und d | ||
| 020 | _a8176293407 | ||
| 041 | _aEnglish | ||
| 082 |
_a105.23 _bAry |
||
| 100 | _aP. P. Arya | ||
| 245 | 0 | _aResearch Methodology in Management Theory & Case Studies | |
| 260 |
_bDeep & Deep Pub _aNew Delhi _c2004 |
||
| 300 | _a650 | ||
| 650 | _aManagement | ||
| 700 | _aY. Pal | ||
| 942 | _cBK | ||
| 999 |
_c558 _d558 |
||